| 000 | 01206cam a22003135i 4500 | ||
|---|---|---|---|
| 999 |
_c18242 _d18214 |
||
| 001 | 17623181 | ||
| 003 | EG-ScBUE | ||
| 005 | 20200130102421.0 | ||
| 008 | 200130t20132013mou f 001 0 eng d | ||
| 020 | _a9780323078443 | ||
| 040 |
_aDLC _beng _erda _cDLC _dDLC _dEG-ScBUE |
||
| 082 | 0 | 4 |
_a617.692 _bPRO _222 |
| 130 | 0 |
_aBoucher's prosthodontic treatment for edentulous patients _935943 |
|
| 245 | 1 | 0 |
_aProsthodontic treatment for edentulous patients : _bcomplete dentures and implant-supported prostheses / _ceditors George Zarb, CM, BChD, MS, DDS, MS, FRCD(C), PhD, DSc, MD, LLD (hc) [and three others]. |
| 250 | _aThirteenth edition. | ||
| 264 | 1 |
_aSt. Louis, Missouri : _bMosby / Elsevier, _c[2013] |
|
| 264 | 4 | _cc2013 | |
| 300 |
_aix, 452 pages : _billustrations (color) ; _c28 cm |
||
| 336 |
_atext _btxt _2rdacontent |
||
| 337 |
_aunmediated _bn _2rdamedia |
||
| 338 |
_avolume _bnc _2rdacarrier |
||
| 504 | _aIncludes bibliographical references and index. | ||
| 650 | 7 |
_aComplete dentures. _2BUEsh _932431 |
|
| 650 | 7 |
_aEdentulous mouth. _2BUEsh _932433 |
|
| 651 | _2BUEsh | ||
| 653 |
_cApril2014 _bDDENT |
||
| 700 | 1 |
_aZarb, George A _q(George Albert), _d1938- _eeditor. _932436 |
|
| 942 |
_2ddc _cBB |
||